| 000 | 00697nam a22001937a 4500 | ||
|---|---|---|---|
| 005 | 20170906160947.0 | ||
| 010 | _aENG-119502 | ||
| 020 |
_c350.00 _a9788184654707 |
||
| 035 | _aEN-103034 | ||
| 037 | _bDBAD/PUB | ||
| 082 | _a280.8 | ||
| 100 | _aGeorge,Ninan K. | ||
| 245 |
_aReenvisioning Indian orthodox identity : _cby Ninan K.George _ba historico-theological understanding of V.C. Samuel / |
||
| 260 |
_aDelhi _bThe Indian Society for Promoting Christian Knowlewdge(ISPCK)) _c2015 |
||
| 270 |
_a1585,1654 Madarsa Road Kashmere Gate _bDelhi _e110006 |
||
| 300 |
_axxxvi,265p. _c24cm(pbk) |
||
| 500 | _aIncludes bibliographical references | ||
| 942 |
_2ddc _cEN _mGEO _h280.8 |
||
| 999 |
_c143031 _d143031 |
||